|
|
|
|
| LEADER |
00991pam a22002658a 4500 |
| 001 |
00043454 |
| 005 |
20190102090110.0 |
| 008 |
110422s1999 ||||||Viesd |
| 041 |
0 |
# |
|a Vie
|
| 082 |
1 |
4 |
|a 570.71
|b T103L
|
| 100 |
0 |
# |
|e chủ biên
|a Phạm, Văn Lập
|
| 245 |
0 |
0 |
|a Tài liệu bồi dưỡng giáo viên thực hiện chương trình, sách giáo viên lớp 10 trung học phổ thông sinh học
|c Phạm Văn Lập; Nguyễn Thành Đạt; Ngô Văn Hưng
|
| 260 |
# |
# |
|a Hà Nội
|b Giáo dục
|c 2003
|
| 300 |
# |
# |
|a 107 tr.
|c 27 cm.
|
| 500 |
# |
# |
|a ĐTTS ghi: Bộ giáo dục và đào tạo
|
| 653 |
# |
# |
|a Giáo viên
|
| 653 |
# |
# |
|a tài liệu
|
| 653 |
# |
# |
|a THPT
|
| 653 |
# |
# |
|a Sinh học
|
| 653 |
# |
# |
|a Lớp 10
|
| 700 |
1 |
# |
|a Ngô, Văn Hưng
|
| 700 |
1 |
# |
|a Nguyễn, Thành Đạt
|
| 852 |
# |
# |
|j KD.0024439
|
| 910 |
# |
# |
|d 2/1/2019
|
| 980 |
# |
# |
|a Trung tâm Học liệu Lê Vũ Hùng, Trường Đại học Đồng Tháp
|